|
|
|
|
| LEADER |
00000nam0a2200000 4500 |
| 001 |
13957 |
| 005 |
20231030185256.0 |
| 010 |
|
|
|a 5856392019
|
| 035 |
|
|
|a (RuTPU)RU\TPU\book\14045
|
| 035 |
|
|
|a BOOK00014113
|
| 090 |
|
|
|a 13957
|
| 100 |
|
|
|a 20011209d1997 k y0rusy50 ca
|
| 101 |
0 |
|
|a rus
|
| 102 |
|
|
|a RU
|
| 105 |
|
|
|a y n 000zy
|
| 200 |
1 |
|
|a Экологическое право России
|e Сборник нормативных правовых актов и документов
|f Под ред. Г. А. Волкова, А. К. Голиченкова
|
| 210 |
|
|
|a Москва
|c Бек
|d 1997
|
| 215 |
|
|
|a 816 с.
|
| 610 |
1 |
|
|a право
|
| 610 |
1 |
|
|a экология
|
| 610 |
1 |
|
|a природа
|
| 610 |
1 |
|
|a окружающая среда
|
| 610 |
1 |
|
|a законодательные акты
|
| 610 |
1 |
|
|a охрана
|
| 686 |
|
|
|a Х625
|v LBC/SL-A
|2 rubbk
|
| 702 |
|
1 |
|a Волков
|b Г. А.
|4 340
|
| 702 |
|
1 |
|a Голиченков
|b А. К.
|4 340
|
| 801 |
|
0 |
|a RU
|b 63413507
|c 20011209
|g PSBO
|
| 801 |
|
2 |
|a RU
|b 63413507
|c 20220418
|g PSBO
|
| 900 |
|
|
|a Основы управления воздействием на окружающую среду (экологический менеджмент)
|
| 942 |
|
|
|c BK
|